Provincial committees (Record no. 99741)

MARC details
000 -LEADER
fixed length control field 00723cam a22001815a 4500
001 - CONTROL NUMBER
control field ##J100657
008 - FIXED-LENGTH DATA ELEMENTS--GENERAL INFORMATION
fixed length control field 000000s1869 000 0 eng u
035 ## - SYSTEM CONTROL NUMBER
System control number (Sirsi) u100657
041 0# - LANGUAGE CODE
Language code of text/sound track or separate title eng
050 04 - LIBRARY OF CONGRESS CALL NUMBER
Classification number 333.0062 $2 18
110 2# - MAIN ENTRY--CORPORATE NAME
Corporate name or jurisdiction name as entry element Surveyors' Institution
9 (RLIN) 3783
245 00 - TITLE STATEMENT
Title Provincial committees
Remainder of title constitution and regulations
260 ## - PUBLICATION, DISTRIBUTION, ETC.
Place of publication, distribution, etc. [S.l.]
Name of publisher, distributor, etc. [s.n.]
Date of publication, distribution, etc. 1869
300 ## - PHYSICAL DESCRIPTION
Extent 8p.
Dimensions 22cm
520 ## - SUMMARY, ETC.
Summary, etc. Outlines the objectives of provincial committees, their powers and duties, and the process for electing a chairman. The appendix contains a list of instructions to provincial committees in carrying out procedures.
690 ## - LOCAL SUBJECT ADDED ENTRY--TOPICAL TERM (OCLC, RLIN)
Topical term or geographic name as entry element ABOUT RICS-RICS STRUCTURE AND GOVERNANCE-RICS BOARDS AND COMMITTEES
942 ## - ADDED ENTRY ELEMENTS (KOHA)
Suppress in OPAC 0
Holdings
Withdrawn status Lost status Source of classification or shelving scheme Damaged status Not for loan Home library Current library Shelving location Date acquired Total Checkouts Full call number Barcode Date last seen Copy number Price effective from Koha item type
    Dewey Decimal Classification     Historic collection Historic collection RICS Boxes 21/10/1999   RICS 1869/1 30059587 06/08/2019 1 06/08/2019 Archive
    Dewey Decimal Classification     Historic collection Historic collection RICS Boxes 21/10/1999   RICS 1869/1 30059586 06/08/2019 2 06/08/2019 Archive